Modelling and simulation of a fixed-bed reactor for the production of liquid fuel synthesis gas (Record no. 354570)

000 -LEADER
fixed length control field 00800namaa22002177a 4500
005 - DATE AND TIME OF LATEST TRANSACTION
control field 20180118164228.0
008 - FIXED-LENGTH DATA ELEMENTS--GENERAL INFORMATION
fixed length control field 141113b xxu||||| |||| 00| 0 eng d
041 ## - LANGUAGE CODE
Language code of text/sound track or separate title eng
082 ## - DEWEY DECIMAL CLASSIFICATION NUMBER
Classification number 660.2995
Author Mark YAS 2014
100 0# - MAIN ENTRY--PERSONAL NAME
Personal name Yasir Waheed
245 ## - TITLE STATEMENT
Title Modelling and simulation of a fixed-bed reactor for the production of liquid fuel synthesis gas
Statement of responsibility, etc. Yasir Waheed; supervised by Shahid Hussain Ansari.
260 ## - PUBLICATION, DISTRIBUTION, ETC.
Date of publication, distribution, etc. 2014
300 ## - PHYSICAL DESCRIPTION
Extent vii, 82 pages.
Accompanying material +CD ROM.
502 ## - DISSERTATION NOTE
Dissertation note Thesis
650 #0 - SUBJECT ADDED ENTRY--TOPICAL TERM
Topical term or geographic name entry element Fixed-bed Reactor
650 #0 - SUBJECT ADDED ENTRY--TOPICAL TERM
Topical term or geographic name entry element Catalysts
650 #0 - SUBJECT ADDED ENTRY--TOPICAL TERM
Topical term or geographic name entry element Chemical process
700 1# - ADDED ENTRY--PERSONAL NAME
Personal name Ansari, Shahid Hussain
942 ## - ADDED ENTRY ELEMENTS (KOHA)
Koha item type
Holdings
Withdrawn status Lost status Source of classification or shelving scheme Damaged status Not for loan Permanent Location Current Location Shelving location Date acquired Total Checkouts Full call number Barcode Date last seen Price effective from Koha item type
          Central Library (CL) Central Library (CL) Thesis 08/25/2020   620.0011 CL-T-5837 08/25/2020 08/25/2020 Thesis
© 2023 Central Library, National University of Sciences and Technology. All Rights Reserved.